Normal view
MARC view
- Chinese Studies
Entry Topical Term
001 - CONTROL NUMBER
- control field: 116239
003 - CONTROL NUMBER IDENTIFIER
- control field: NUST
005 - DATE AND TIME OF LATEST TRANSACTION
- control field: 20230912165914.0
008 - FIXED-LENGTH DATA ELEMENTS
- fixed length control field: 230912|| aca||aabn | a|a d
040 ## - CATALOGING SOURCE
- Original cataloging agency: NUST
- Transcribing agency: NUST
150 ## - HEADING--TOPICAL TERM
- Topical term or geographic name entry element: Chinese Studies
670 ## - SOURCE DATA FOUND
- Source citation: Work cat.: (NUST): DiJun, Fan; Zhenghe, Zhang and Ghuang, Liu. 116238, Rising Tide of Chinese Rural Reform Stories : Changing Lives of Farmers /, 2018
